| 000 | 00815nam a22002657a 4500 | ||
|---|---|---|---|
| 003 | CHAP | ||
| 005 | 20220329134857.0 | ||
| 008 | 971013s1977 r 00010 d | ||
| 010 | _a27354 | ||
| 011 | _a28326 | ||
| 035 | _a32430 | ||
| 040 | _cCHAP | ||
| 082 |
_a516.83 _bK3 |
||
| 100 | 0 | 0 |
_aKemmer, N. _962982 |
| 245 | _aVector analysis ; a physicst's guide to the mathematics of field in three dimensions | ||
| 260 |
_aLondon : _bCambridge University, _c1977 |
||
| 300 |
_a254 p. _b: ilus. |
||
| 590 |
_aBATCH-UPD _b10 _c20130110 _lUCH01 _h2037 |
||
| 590 |
_aBATCH-UPD _b10 _c20130410 _lUCH01 _h1352 |
||
| 590 |
_aCONVERSION _b10 _c20130109 _lUCH01 _h1316 |
||
| 650 | 1 | 4 |
_aAnalisis vectorial. _95995 |
| 901 | _aBK | ||
| 942 | _cLIBRO | ||
| 949 |
_a516.83 K3 _bBC _cLIBRO _d33724000907143 _eLIBRO _h618 _i32430 _si _t280.00 |
||
| 999 |
_c27354 _d27354 |
||